UM Logo

ASEAN locator: trivia game about cities/ (Record no. 2395)

MARC details
000 -LEADER
fixed length control field 00548nam a22001577a 4500
008 - FIXED-LENGTH DATA ELEMENTS--GENERAL INFORMATION
fixed length control field 160511b xxu||||| |||| 00| 0 eng d
082 ## - DEWEY DECIMAL CLASSIFICATION NUMBER
Edition number 2015
Classification number UT 0564
Item number D54
100 ## - MAIN ENTRY--PERSONAL NAME
9 (RLIN) 7866
Personal name Roble, Junrey.
245 ## - TITLE STATEMENT
Title ASEAN locator: trivia game about cities/
Statement of responsibility, etc. Junrey Roble, Lyndon James Diaz and Jonna Mee Tapuroc.
260 ## - PUBLICATION, DISTRIBUTION, ETC. (IMPRINT)
Place of publication, distribution, etc. Digos City:
Name of publisher, distributor, etc. UMDC
Date of publication, distribution, etc. April 2015.
300 ## - PHYSICAL DESCRIPTION
Extent 21 pages;
Dimensions 29 cm.
650 #0 - SUBJECT ADDED ENTRY--TOPICAL TERM
9 (RLIN) 7865
Topical term or geographic name as entry element Information Technology
General subdivision Undergraduate thesis.
700 ## - ADDED ENTRY--PERSONAL NAME
9 (RLIN) 7863
Personal name Diaz, Lyndon James.
700 ## - ADDED ENTRY--PERSONAL NAME
9 (RLIN) 7864
Personal name Tapuroc, Jonna Mee.
942 ## - ADDED ENTRY ELEMENTS (KOHA)
Source of classification or shelving scheme Dewey Decimal Classification
Koha item type Undergraduate Thesis
Holdings
Withdrawn status Lost status Source of classification or shelving scheme Damaged status Not for loan Collection code Home library Current library Date acquired Total Checkouts Full call number Barcode Date last seen Price effective from Koha item type
    Dewey Decimal Classification     Undergraduate Theses UM Digos College - LIC UM Digos College - LIC 05/11/2016   UT 0564 D54 2015 UT0564 05/11/2016 05/11/2016 Undergraduate Thesis